000 00304nam a22001337a 4500
008 181005b xxu||||| |||| 00| 0 eng d
020 _a9780803635753
041 _aeng
080 _27 ED
_a610
100 _a3
101 _aSHM
245 _aMedical Terminology systems
_cGylys.B.A
942 _2udc
_cBK
999 _c48920
_d48920